Famous People Who Died Aged 27 -- Sudden Death - Statistics

General Stats
  • This quiz has been taken 361 times
  • The average score is 3 of 13
Answers on the Grid
Answers color-coded by a green-red scale on the quiz's grid according to % correct below.
Jean-Michel Basquiat
John Bonham
Jeff Buckley
Kurt Cobain
James Dean
Richey Edwards
Pete de Freitas
Whitney Houston
Phil Hartman
Jimi Hendrix
Buddy Holly
Joan of Arc
Robert Johnson
Brian Jones
Janis Joplin
John F. Kennedy
Rik Mayall
Ron "Pigpen" McKernan
Keith Moon
Jim Morrison
River Phoenix
Sylvia Plath
Bon Scott
Tupac Shakur
Tyler Skaggs
Stevie Ray Vaughan
Alan Wilson
Amy Winehouse
 
Answer Stats
Answer % Correct
Kurt Cobain
75%
Amy Winehouse
50%
Jimi Hendrix
46%
Janis Joplin
36%
Jim Morrison
35%
Jean-Michel Basquiat
19%
Brian Jones
15%
Robert Johnson
6%
Richey Edwards
4%
Ron "Pigpen" McKernan
4%
Alan Wilson
2%
Pete de Freitas
2%
Tyler Skaggs
2%
No matching quizzes found
Score Distribution
Percent of People with Each Score
Percentile by Number Answered
Your Score History
You have not taken this quiz